[Event "Club 608 Online 1 - Open A (-2200)"]
[Date "2021.04.10"]
[Round "5.1"]
[White "Matsumura, Cocoro"]
[Black "Dalibert, Anthony"]
[Result "1-0"]
[BlackElo "1726"]
[WhiteElo "1924"]

1. e4 {[%clk 0:50:10.0]} c5 {[%clk 0:50:05.3]} 2. Nf3 {[%clk 0:50:17.9]} e6 {[%clk 0:50:11.1]} 3. g3 {[%clk 0:50:24.1]} d5 {[%clk 0:49:18.0]} 4. exd5 {[%clk 0:50:25.7]} exd5 {[%clk 0:49:23.9]} 5. Bg2 {[%clk 0:50:26.8]} Nf6 {[%clk 0:49:16.3]} 6. 0-0 {[%clk 0:50:31.4]} Be7 {[%clk 0:49:19.4]} 7. d4 {[%clk 0:50:37.8]} 0-0 {[%clk 0:48:55.8]} 8. Nc3 {[%clk 0:50:09.7]} cxd4 {[%clk 0:46:30.1]} 9. Nxd4 {[%clk 0:50:08.4]} Nc6 {[%clk 0:46:21.1]} 10. Re1 {[%clk 0:48:43.3]} Nxd4 {[%clk 0:40:02.3]} 11. Qxd4 {[%clk 0:48:42.3]} Be6 {[%clk 0:39:45.8]} 12. Be3 {[%clk 0:46:55.4]} b6 {[%clk 0:39:27.6]} 13. Rad1 {[%clk 0:46:18.1]} Rc8 {[%clk 0:36:33.2]} 14. Qa4 {[%clk 0:41:26.2]} Qc7 {[%clk 0:33:52.9]} 15. Nxd5 {[%clk 0:34:57.0]} Bxd5 {[%clk 0:29:09.9]} 16. Bxd5 {[%clk 0:34:59.9]} Nxd5 {[%clk 0:28:34.4]} 17. Rxd5 {[%clk 0:35:06.6]} Bf6 {[%clk 0:27:49.2]} 18. c3 {[%clk 0:33:07.6]} Rfd8 {[%clk 0:18:36.8]} 19. Bf4 {[%clk 0:28:54.6]} {Black Resigned} 1-0

[Event "Club 608 Online 1 - Open B (-1600)"]
[Date "2021.04.10"]
[Round "5.1"]
[White "Yu, Matthieu"]
[Black "Nicot, Anna"]
[Result "1-0"]
[BlackElo "1009"]
[WhiteElo "1199"]

1. d4 {[%clk 0:50:10.0]} e6 {[%clk 0:50:03.0]} 2. c4 {[%clk 0:50:18.5]} d5 {[%clk 0:50:10.4]} 3. Nc3 {[%clk 0:50:26.9]} Nf6 {[%clk 0:49:46.2]} 4. Nf3 {[%clk 0:50:27.4]} Be7 {[%clk 0:49:04.8]} 5. Bg5 {[%clk 0:50:13.0]} 0-0 {[%clk 0:48:58.6]} 6. e3 {[%clk 0:50:19.6]} h6 {[%clk 0:48:00.5]} 7. Bh4 {[%clk 0:50:26.2]} b6 {[%clk 0:47:52.5]} 8. Be2 {[%clk 0:50:29.3]} dxc4 {[%clk 0:47:58.2]} 9. Bxc4 {[%clk 0:50:28.9]} Bb7 {[%clk 0:47:48.0]} 10. 0-0 {[%clk 0:50:30.3]} Nbd7 {[%clk 0:47:09.9]} 11. Qe2 {[%clk 0:50:18.3]} c5 {[%clk 0:46:58.9]} 12. Rfd1 {[%clk 0:50:19.1]} Rc8 {[%clk 0:46:59.2]} 13. Ba6 {[%clk 0:50:11.9]} Bxa6 {[%clk 0:46:46.8]} 14. Qxa6 {[%clk 0:50:18.0]} Qc7 {[%clk 0:46:34.9]} 15. Nb5 {[%clk 0:50:14.1]} Qb8 {[%clk 0:46:27.2]} 16. Qxa7 {[%clk 0:50:14.3]} Qxa7 {[%clk 0:45:28.8]} 17. Nxa7 {[%clk 0:50:22.3]} Rc7 {[%clk 0:44:49.6]} 18. Nb5 {[%clk 0:50:16.4]} Rcc8 {[%clk 0:44:18.2]} 19. a4 {[%clk 0:49:49.4]} cxd4 {[%clk 0:44:01.5]} 20. Nfxd4 {[%clk 0:49:44.2]} Ne5 {[%clk 0:43:47.3]} 21. Bg3 {[%clk 0:49:38.3]} Ng6 {[%clk 0:43:46.9]} 22. Na7 {[%clk 0:49:37.6]} Rcd8 {[%clk 0:43:45.3]} 23. Nac6 {[%clk 0:49:36.0]} Rd7 {[%clk 0:43:40.9]} 24. b4 {[%clk 0:49:29.5]} Rc8 {[%clk 0:43:34.6]} 25. a5 {[%clk 0:49:25.4]} bxa5 {[%clk 0:43:39.5]} 26. bxa5 {[%clk 0:49:33.6]} Bc5 {[%clk 0:43:36.2]} 27. a6 {[%clk 0:49:21.5]} Bxd4 {[%clk 0:43:31.4]} 28. Nxd4 {[%clk 0:49:21.0]} Ra8 {[%clk 0:43:34.5]} 29. Rdb1 {[%clk 0:49:21.4]} Rdd8 {[%clk 0:43:31.2]} 30. a7 {[%clk 0:49:14.7]} Nd7 {[%clk 0:43:27.5]} 31. Nb5 {[%clk 0:49:13.7]} Rdc8 {[%clk 0:42:45.0]} 32. Nc7 {[%clk 0:49:13.5]} Rxc7 {[%clk 0:42:32.5]} 33. Bxc7 {[%clk 0:49:14.8]} Ne7 {[%clk 0:42:21.7]} 34. Rb7 {[%clk 0:49:15.4]} Nc6 {[%clk 0:42:20.3]} 35. Kf1 {[%clk 0:49:05.5]} Kh7 {[%clk 0:42:20.6]} 36. Bg3 {[%clk 0:49:04.0]} Nde5 {[%clk 0:42:02.1]} 37. Bxe5 {[%clk 0:49:03.1]} Nxe5 {[%clk 0:42:05.2]} 38. Ra6 {[%clk 0:48:50.2]} Nd3 {[%clk 0:42:04.0]} 39. Rb8 {[%clk 0:48:51.5]} Rxa7 {[%clk 0:42:11.5]} 40. Rxa7 {[%clk 0:48:58.6]} Nb4 {[%clk 0:42:19.2]} 41. Rxb4 {[%clk 0:49:03.2]} Kg6 {[%clk 0:42:22.6]} 42. Rbb7 {[%clk 0:49:08.9]} h5 {[%clk 0:42:25.6]} 43. Rxf7 {[%clk 0:49:16.0]} Kg5 {[%clk 0:42:14.4]} 44. Rxg7+ {[%clk 0:49:23.1]} Kh4 {[%clk 0:42:21.2]} 45. g3+ {[%clk 0:49:31.6]} Kh3 {[%clk 0:42:28.5]} 46. Ra4 {[%clk 0:49:38.2]} Kxh2 {[%clk 0:42:27.5]} 47. Rh4# {[%clk 0:49:41.4]} 1-0

[Event "Club 608 Online 1 - Open C (-1200)"]
[Date "2021.04.10"]
[Round "5.2"]
[White "Pablo, Aubert"]
[Black "Landoeuer, Jessy"]
[Result "1-0"]
[BlackElo "1009"]
[BlackFideId "551047454"]
[WhiteElo "1199"]

{Clock started by Black.} 1. e4 {[%clk 0:50:07.0]} e5 {[%clk 0:50:06.2]} 2. Nf3 {[%clk 0:50:15.1]} Nc6 {[%clk 0:50:12.8]} 3. Bb5 {[%clk 0:50:23.1]} d6 {[%clk 0:50:07.0]} 4. d4 {[%clk 0:50:04.4]} Nf6 {[%clk 0:49:54.2]} 5. d5 {[%clk 0:48:37.0]} a6 {[%clk 0:49:52.0]} 6. Bd3 {[%clk 0:47:16.3]} Nb4 {[%clk 0:49:55.2]} 7. 0-0 {[%clk 0:45:51.6]} Nxd3 {[%clk 0:49:57.3]} 8. Qxd3 {[%clk 0:45:58.4]} g6 {[%clk 0:50:03.7]} 9. h3 {[%clk 0:43:05.5]} Bg7 {[%clk 0:50:02.7]} 10. Nbd2 {[%clk 0:40:35.7]} 0-0 {[%clk 0:50:07.5]} 11. Re1 {[%clk 0:38:24.1]} a5 {[%clk 0:47:30.4]} 12. Nf1 {[%clk 0:35:40.2]} Ra6 {[%clk 0:47:19.3]} 13. Bg5 {[%clk 0:32:01.1]} Rb6 {[%clk 0:47:09.6]} 14. b3 {[%clk 0:32:01.5] Black stopped clock for 5 seconds.} Rb4 {[%clk 0:42:10.2]} 15. c3 {[%clk 0:29:56.0]} Rb6 {[%clk 0:41:55.9]} 16. h4 {[%clk 0:27:49.1]} Qd7 {[%clk 0:41:50.9]} 17. Bxf6 {[%clk 0:26:33.8]} Bxf6 {[%clk 0:41:55.1]} 18. h5 {[%clk 0:26:41.2]} Ra6 {[%clk 0:41:36.0]} 19. Ng3 {[%clk 0:25:25.4]} Bh4 {[%clk 0:41:15.5]} 20. Nxh4 {[%clk 0:25:22.9]} Qg4 {[%clk 0:41:06.7]} 21. Nf3 {[%clk 0:24:55.2]} a4 {[%clk 0:40:55.4]} 22. Qd2 {[%clk 0:22:50.3]} f6 {[%clk 0:40:06.5]} 23. Qh6 {[%clk 0:20:04.5]} Kf7 {[%clk 0:39:52.5]} 24. Qxh7+ {[%clk 0:20:03.3]} Ke8 {[%clk 0:39:55.7]} 25. Qxg6+ {[%clk 0:20:09.9]} Qxg6 {[%clk 0:40:00.3]} 26. hxg6 {[%clk 0:20:18.4]} Rg8 {[%clk 0:40:07.8]} 27. Nh4 {[%clk 0:20:22.7]} c6 {[%clk 0:40:01.4]} 28. c4 {[%clk 0:20:18.8]} c5 {[%clk 0:40:07.3]} 29. Ngf5 {[%clk 0:20:05.2]} Bxf5 {[%clk 0:40:09.1]} 30. exf5 {[%clk 0:20:12.4]} b6 {[%clk 0:39:58.1]} 31. Rab1 {[%clk 0:19:43.1]} axb3 {[%clk 0:39:43.4]} 32. axb3 {[%clk 0:19:50.8]} Rg7 {[%clk 0:39:29.8]} 33. Ra1 {[%clk 0:19:06.6]} Ra5 {[%clk 0:39:18.3]} 34. Rxa5 {[%clk 0:19:11.9]} bxa5 {[%clk 0:39:25.0]} 35. Ra1 {[%clk 0:19:20.3]} Ra7 {[%clk 0:39:32.2]} 36. Kh2 {[%clk 0:17:50.7]} Kd7 {[%clk 0:39:28.7]} 37. g7 {[%clk 0:17:56.8]} Ra8 {[%clk 0:39:29.4]} 38. Ng6 {[%clk 0:16:13.6]} Kc7 {[%clk 0:39:14.4]} 39. Ne7 {[%clk 0:15:54.7]} Kd7 {[%clk 0:39:04.6]} 40. g8=Q {[%clk 0:16:01.0]} Rxg8 {[%clk 0:39:01.7]} 41. Nxg8 {[%clk 0:16:09.0]} Ke8 {[%clk 0:39:08.1]} 42. Nxf6+ {[%clk 0:16:14.5]} Kf7 {[%clk 0:39:15.0]} 43. Ng4 {[%clk 0:16:22.1]} e4 {[%clk 0:39:21.7]} 44. Rxa5 {[%clk 0:16:22.9]} Kg7 {[%clk 0:39:12.2]} 45. Kg3 {[%clk 0:16:23.3]} Kf7 {[%clk 0:39:13.2]} 46. Kf4 {[%clk 0:16:21.8]} Ke7 {[%clk 0:39:16.3]} 47. Kxe4 {[%clk 0:16:20.8]} Kd7 {[%clk 0:39:22.2]} 48. f6 {[%clk 0:16:27.5]} Ke8 {[%clk 0:39:29.5]} 49. Kf5 {[%clk 0:16:35.0]} Kf8 {[%clk 0:39:37.3] Black offered a draw.} 50. Kg6 {[%clk 0:15:59.4]} Ke8 {[%clk 0:39:41.7]} 51. Kg7 {[%clk 0:16:04.8]} Kd7 {[%clk 0:39:41.5]} 52. f7 {[%clk 0:15:58.0]} Kc7 {[%clk 0:39:43.9]} 53. f8=Q {[%clk 0:16:05.1]} Kd7 {[%clk 0:39:51.7]} 54. Ra7# {[%clk 0:16:09.1]} 1-0

[Event "Club 608 Online 1 - Open A (-2200)"]
[Date "2021.04.10"]
[Round "5.2"]
[White "Gherghinoiu, Lucas"]
[Black "Vu Dinh, Adrien"]
[Result "0-1"]
[BlackElo "1816"]
[WhiteElo "2096"]

{Clock started by Black.} 1. e4 {[%clk 0:50:05.1]} e5 {[%clk 0:50:08.1]} 2. Nf3 {[%clk 0:50:05.6]} Nc6 {[%clk 0:50:15.6]} 3. Bc4 {[%clk 0:49:59.9]} Nf6 {[%clk 0:50:20.7]} 4. d3 {[%clk 0:49:54.3]} Bc5 {[%clk 0:50:23.6]} 5. Bb3 {[%clk 0:49:40.8]} a6 {[%clk 0:50:09.2]} 6. 0-0 {[%clk 0:49:35.7]} d6 {[%clk 0:50:11.3]} 7. c3 {[%clk 0:49:33.8]} Ba7 {[%clk 0:50:18.3]} 8. Nbd2 {[%clk 0:49:35.7]} h6 {[%clk 0:50:24.1]} 9. Re1 {[%clk 0:47:54.8]} g5 {[%clk 0:50:23.2]} 10. Nc4 {[%clk 0:46:31.0]} Rg8 {[%clk 0:49:42.9]} 11. Be3 {[%clk 0:45:31.5]} g4 {[%clk 0:47:18.3]} 12. Nfd2 {[%clk 0:45:23.0]} Bxe3 {[%clk 0:47:11.9]} 13. Nxe3 {[%clk 0:43:02.6]} h5 {[%clk 0:46:54.0]} 14. Ndf1 {[%clk 0:42:27.6]} h4 {[%clk 0:45:52.7]} 15. Nd5 {[%clk 0:39:44.5]} h3 {[%clk 0:45:12.3]} 16. Nxf6+ {[%clk 0:38:36.4]} Qxf6 {[%clk 0:44:54.8]} 17. g3 {[%clk 0:38:38.2]} Be6 {[%clk 0:44:46.8]} 18. Ba4 {[%clk 0:38:20.5]} b5 {[%clk 0:44:38.0]} 19. Bc2 {[%clk 0:37:38.5]} Ke7 {[%clk 0:44:35.8]} 20. Ne3 {[%clk 0:37:07.6]} Nb8 {[%clk 0:44:02.8]} 21. Bb3 {[%clk 0:34:32.8]} Nd7 {[%clk 0:43:20.9]} 22. Bxe6 {[%clk 0:33:52.4]} fxe6 {[%clk 0:43:28.4]} 23. Nxg4 {[%clk 0:33:50.9]} Qg5 {[%clk 0:43:06.1]} 24. f3 {[%clk 0:31:56.1]} Raf8 {[%clk 0:42:46.5]} 25. Qe2 {[%clk 0:30:28.3]} Nf6 {[%clk 0:42:17.0]} 26. Nxf6 {[%clk 0:29:57.6]} Rxf6 {[%clk 0:42:22.4]} 27. a4 {[%clk 0:27:00.1]} Rgf8 {[%clk 0:42:10.4]} 28. Rf1 {[%clk 0:26:54.9]} bxa4 {[%clk 0:41:39.3]} 29. Rxa4 {[%clk 0:25:18.4]} Qh5 {[%clk 0:41:08.7]} 30. Raa1 {[%clk 0:21:03.1]} Rxf3 {[%clk 0:40:44.0]} 31. Rxf3 {[%clk 0:20:36.4]} Qxf3 {[%clk 0:39:32.4]} 32. Qd2 {[%clk 0:17:52.9]} Kd7 {[%clk 0:38:53.5]} 33. Re1 {[%clk 0:17:47.4]} a5 {[%clk 0:37:28.4]} 34. Qc2 {[%clk 0:16:21.3]} c6 {[%clk 0:37:09.4]} 35. Qd2 {[%clk 0:16:11.7]} a4 {[%clk 0:35:43.3]} 36. Ra1 {[%clk 0:15:09.6]} Kc7 {[%clk 0:33:28.3]} 37. Re1 {[%clk 0:14:49.3]} Kd7 {[%clk 0:31:19.8]} 38. Ra1 {[%clk 0:14:46.2]} Kc7 {[%clk 0:30:33.7]} 39. Re1 {[%clk 0:14:46.7]} d5 {[%clk 0:29:26.7]} 40. Qe2 {[%clk 0:12:06.9]} Kd6 {[%clk 0:28:03.2]} 41. Qd2 {[%clk 0:08:54.3] White offered a draw.} Kc7 {[%clk 0:24:09.1]} 42. exd5 {[%clk 0:08:29.3]} exd5 {[%clk 0:23:42.7]} 43. Qe2 {[%clk 0:08:28.5] White offered a draw.} Qxe2 {[%clk 0:19:12.1]} 44. Rxe2 {[%clk 0:08:35.7]} Kd6 {[%clk 0:19:19.2]} 45. Rf2 {[%clk 0:08:39.9]} Rb8 {[%clk 0:18:32.0]} 46. Kf1 {[%clk 0:08:42.8]} Ke6 {[%clk 0:18:29.7]} 47. Rd2 {[%clk 0:08:22.4]} Rb3 {[%clk 0:18:14.6]} 48. Ke2 {[%clk 0:08:21.1]} a3 {[%clk 0:17:26.7]} 49. bxa3 {[%clk 0:08:25.6]} Rxa3 {[%clk 0:17:35.1]} 50. Rc2 {[%clk 0:08:28.9]} Kf5 {[%clk 0:17:28.7]} 51. Ke3 {[%clk 0:07:44.1]} Kg4 {[%clk 0:17:17.5]} 52. c4 {[%clk 0:06:56.8]} e4 {[%clk 0:16:30.0]} 53. cxd5 {[%clk 0:07:02.5]} cxd5 {[%clk 0:16:36.5]} 54. Rc5 {[%clk 0:06:17.6]} Rxd3+ {[%clk 0:16:39.9]} 55. Ke2 {[%clk 0:06:26.3]} d4 {[%clk 0:13:54.8]} 56. Re5 {[%clk 0:06:29.6]} Re3+ {[%clk 0:14:02.1]} 57. Kf2 {[%clk 0:06:14.3]} Rf3+ {[%clk 0:13:45.8]} 58. Ke1 {[%clk 0:04:00.5]} Rxg3 {[%clk 0:10:54.9]} 59. Rxe4+ {[%clk 0:04:08.4]} Kf3 {[%clk 0:10:57.8]} 60. Rxd4 {[%clk 0:03:55.5]} Rg1+ {[%clk 0:10:44.2]} 61. Kd2 {[%clk 0:04:03.4]} Rg2+ {[%clk 0:09:45.3]} 62. Kd1 {[%clk 0:03:22.3]} Rxh2 {[%clk 0:09:26.3]} 63. Rd3+ {[%clk 0:02:28.9]} Kf2 {[%clk 0:09:13.0]} 64. Rd2+ {[%clk 0:02:03.6]} Kg1 {[%clk 0:09:20.6]} 65. Rd3 {[%clk 0:01:56.6]} Rh1 {[%clk 0:08:49.7]} 66. Ke2 {[%clk 0:01:20.0]} Kg2 {[%clk 0:08:47.0]} 67. Rd8 {[%clk 0:01:25.3]} h2 {[%clk 0:08:02.4]} 68. Rg8+ {[%clk 0:01:15.3]} Kh3 {[%clk 0:08:07.7]} 69. Rh8+ {[%clk 0:01:00.2]} Kg3 {[%clk 0:08:04.1]} 70. Rg8+ {[%clk 0:00:52.8]} Kf4 {[%clk 0:08:07.3]} 71. Rf8+ {[%clk 0:00:34.7]} Ke5 {[%clk 0:08:13.3]} 72. Kf2 {[%clk 0:00:32.8]} Ra1 {[%clk 0:07:52.5]} 73. Re8+ {[%clk 0:00:32.7]} Kd6 {[%clk 0:07:54.7]} {White Resigned} 0-1

[Event "Club 608 Online 1 - Open A (-2200)"]
[Date "2021.04.10"]
[Round "5.3"]
[White "Delin, Valère"]
[Black "Dia, Hussein"]
[Result "1-0"]
[BlackElo "1849"]
[WhiteElo "2049"]

{Clock started by White.} 1. e4 {[%clk 0:50:08.4]} d6 {[%clk 0:50:05.9]} 2. d4 {[%clk 0:50:07.9]} Nf6 {[%clk 0:50:10.4]} 3. Nc3 {[%clk 0:50:14.2]} g6 {[%clk 0:50:15.3]} 4. f4 {[%clk 0:50:20.6]} Bg7 {[%clk 0:49:58.7]} 5. Nf3 {[%clk 0:50:27.1]} 0-0 {[%clk 0:50:04.4]} 6. h3 {[%clk 0:50:04.0]} b6 {[%clk 0:49:32.2]} 7. Bd3 {[%clk 0:49:31.3]} Bb7 {[%clk 0:49:36.3]} 8. 0-0 {[%clk 0:49:34.3]} c5 {[%clk 0:49:25.0]} 9. d5 {[%clk 0:49:00.1]} Re8 {[%clk 0:46:26.3]} 10. Bb5 {[%clk 0:46:33.0]} Rf8 {[%clk 0:41:30.6]} 11. Bc4 {[%clk 0:45:53.3]} Nfd7 {[%clk 0:35:49.8]} 12. Re1 {[%clk 0:45:25.9]} a6 {[%clk 0:33:17.7]} 13. a4 {[%clk 0:45:22.6]} Qc7 {[%clk 0:32:40.4]} 14. Qe2 {[%clk 0:45:13.8]} Rd8 {[%clk 0:27:39.9]} 15. e5 {[%clk 0:44:09.6]} dxe5 {[%clk 0:27:29.5]} 16. fxe5 {[%clk 0:44:18.0]} Nf8 {[%clk 0:27:30.0]} 17. Ng5 {[%clk 0:43:28.8]} Qc8 {[%clk 0:22:26.5]} 18. Rf1 {[%clk 0:37:31.9]} b5 {[%clk 0:18:22.5]} 19. axb5 {[%clk 0:36:51.9]} axb5 {[%clk 0:18:27.6]} 20. Rxa8 {[%clk 0:36:59.4]} Bxa8 {[%clk 0:18:34.5]} 21. Bxb5 {[%clk 0:35:11.5]} Bxd5 {[%clk 0:16:50.1]} 22. Nxd5 {[%clk 0:34:57.7]} Rxd5 {[%clk 0:16:55.5]} 23. Nxf7 {[%clk 0:34:27.8]} Nc6 {[%clk 0:15:55.1]} 24. Bc4 {[%clk 0:33:56.8]} Qd7 {[%clk 0:12:32.5]} 25. Qf3 {[%clk 0:28:14.7]} Rd4 {[%clk 0:06:52.2]} 26. Nh6+ {[%clk 0:27:38.5]} Kh8 {[%clk 0:06:32.8]} 27. Qxf8+ {[%clk 0:27:38.2]} Bxf8 {[%clk 0:06:39.7]} 28. Rxf8+ {[%clk 0:27:46.7]} Kg7 {[%clk 0:06:47.6]} 29. Rg8# {[%clk 0:27:55.7]} 1-0

[Event "Club 608 Online 1 - Open B (-1600)"]
[Date "2021.04.10"]
[Round "5.3"]
[White "Yastrebov, Andrey"]
[Black "Solal, Seiler-sar"]
[Result "0-1"]
[BlackElo "1416"]
[WhiteCountry "FRA"]
[WhiteElo "1442"]
[WhiteFideId "551041936"]

{Clock started by White.} 1. Nf3 {[%clk 0:50:06.1]} Nf6 {[%clk 0:50:02.0]} 2. g3 {[%clk 0:50:11.8]} g6 {[%clk 0:50:03.2]} 3. Bg2 {[%clk 0:49:59.9]} Bg7 {[%clk 0:50:09.4]} 4. 0-0 {[%clk 0:50:04.7]} 0-0 {[%clk 0:50:14.2]} 5. c4 {[%clk 0:50:08.7]} c5 {[%clk 0:50:10.7]} 6. Nc3 {[%clk 0:50:03.3]} d6 {[%clk 0:49:57.2]} 7. d4 {[%clk 0:49:56.9]} Nbd7 {[%clk 0:49:45.5]} 8. e4 {[%clk 0:49:37.3]} cxd4 {[%clk 0:48:19.1]} 9. Nxd4 {[%clk 0:49:36.0]} Qc7 {[%clk 0:47:56.0]} 10. b3 {[%clk 0:49:22.8]} Nc5 {[%clk 0:46:42.6]} 11. Bb2 {[%clk 0:49:16.6]} Rb8 {[%clk 0:44:42.6]} 12. Rc1 {[%clk 0:48:25.0]} b6 {[%clk 0:44:01.0]} 13. Ncb5 {[%clk 0:47:49.8]} Qd7 {[%clk 0:43:17.8]} 14. Re1 {[%clk 0:47:44.0]} a6 {[%clk 0:42:35.0]} 15. Nc3 {[%clk 0:47:36.2]} Bb7 {[%clk 0:42:28.8]} 16. Nd5 {[%clk 0:47:02.1]} b5 {[%clk 0:39:23.3]} 17. Ne2 {[%clk 0:41:07.1]} Nxd5 {[%clk 0:31:58.6]} 18. Bxg7 {[%clk 0:40:59.8]} Ne3 {[%clk 0:30:20.4]} 19. Qd4 {[%clk 0:40:28.6]} Ne6 {[%clk 0:30:23.2]} 20. Qxe3 {[%clk 0:40:10.8]} Kxg7 {[%clk 0:30:21.4]} 21. Red1 {[%clk 0:40:00.0]} bxc4 {[%clk 0:27:59.7]} 22. Rxc4 {[%clk 0:39:45.2]} Rfc8 {[%clk 0:27:08.9]} 23. Rdc1 {[%clk 0:39:40.2]} Kg8 {[%clk 0:25:37.7]} 24. R1c3 {[%clk 0:39:35.3]} Rxc4 {[%clk 0:25:05.7]} 25. Rxc4 {[%clk 0:39:41.3]} Rc8 {[%clk 0:24:28.4]} 26. Qc3 {[%clk 0:39:14.7]} Rxc4 {[%clk 0:22:52.1]} 27. Qxc4 {[%clk 0:39:19.6]} Qb5 {[%clk 0:22:45.0]} 28. Qxb5 {[%clk 0:39:08.5]} axb5 {[%clk 0:22:51.9]} 29. f4 {[%clk 0:38:03.6]} b4 {[%clk 0:21:12.1]} 30. e5 {[%clk 0:37:40.5]} d5 {[%clk 0:20:42.7]} 31. Kf2 {[%clk 0:37:23.4]} Nc5 {[%clk 0:20:27.3]} 32. Nc1 {[%clk 0:37:28.4]} e6 {[%clk 0:20:24.5]} 33. Ke2 {[%clk 0:37:25.2]} Kf8 {[%clk 0:20:12.4]} 34. Nd3 {[%clk 0:37:30.1]} Ba6 {[%clk 0:20:16.9]} 35. Ke3 {[%clk 0:36:29.3]} Nxd3 {[%clk 0:20:08.1]} 36. Kd4 {[%clk 0:36:10.0]} Ke7 {[%clk 0:19:16.0]} 37. Bf1 {[%clk 0:36:09.7]} Nc5 {[%clk 0:19:16.6]} 38. Kxc5 {[%clk 0:36:10.0]} Bxf1 {[%clk 0:19:23.3]} 39. Kxb4 {[%clk 0:36:16.8]} Kd7 {[%clk 0:19:27.8]} 40. Kc5 {[%clk 0:36:23.7]} Kc7 {[%clk 0:19:31.6]} 41. a4 {[%clk 0:36:28.3]} Kb7 {[%clk 0:18:00.2]} 42. b4 {[%clk 0:36:29.4]} Ka6 {[%clk 0:16:32.6]} 43. g4 {[%clk 0:35:52.6]} h6 {[%clk 0:15:40.0]} 44. g5 {[%clk 0:33:35.9]} h5 {[%clk 0:15:41.6]} 45. h4 {[%clk 0:33:42.7]} Be2 {[%clk 0:15:41.9]} 46. Kd4 {[%clk 0:32:32.4]} Kb6 {[%clk 0:15:34.8]} 47. Kc3 {[%clk 0:32:18.3]} Bd1 {[%clk 0:15:27.1]} 48. a5+ {[%clk 0:32:22.6]} Kb5 {[%clk 0:15:30.6]} 49. Kd4 {[%clk 0:32:05.6]} Be2 {[%clk 0:15:26.7]} 50. Kc3 {[%clk 0:32:12.2]} Bc4 {[%clk 0:15:30.1]} 51. a6 {[%clk 0:31:40.0]} Kxa6 {[%clk 0:15:33.6]} 52. Kd4 {[%clk 0:31:40.4]} Kb5 {[%clk 0:15:24.3]} 53. Kc3 {[%clk 0:31:46.6]} Ka4 {[%clk 0:15:30.5]} 54. b5 {[%clk 0:31:53.6]} Kxb5 {[%clk 0:15:38.2]} 55. Kd4 {[%clk 0:32:00.4]} Kb4 {[%clk 0:15:39.5]} 56. f5 {[%clk 0:32:06.3]} gxf5 {[%clk 0:15:45.2]} 57. g6 {[%clk 0:32:14.2]} fxg6 {[%clk 0:15:53.6]} 58. Ke3 {[%clk 0:32:21.2]} Kc3 {[%clk 0:16:00.7]} 59. Kf4 {[%clk 0:32:27.8]} d4 {[%clk 0:16:05.1]} 60. Kg5 {[%clk 0:32:35.6]} d3 {[%clk 0:16:13.5]} 61. Kxg6 {[%clk 0:32:40.5]} d2 {[%clk 0:16:21.9]} 62. Kf6 {[%clk 0:32:47.9]} d1=Q {[%clk 0:16:26.4]} 63. Kg6 {[%clk 0:32:55.5]} Qg4+ {[%clk 0:16:30.7]} 64. Kf7 {[%clk 0:33:03.2]} Kd4 {[%clk 0:16:30.1]} 65. Ke7 {[%clk 0:33:09.0]} Kxe5 {[%clk 0:16:34.0]} 66. Kd7 {[%clk 0:33:17.0]} Kd5 {[%clk 0:16:27.1]} 67. Kc7 {[%clk 0:33:23.0]} Qg7+ {[%clk 0:16:14.9]} 68. Kb6 {[%clk 0:33:27.1]} Qd7 {[%clk 0:16:18.2] White offered a draw.} 69. Ka5 {[%clk 0:33:11.4]} Qb5# {[%clk 0:16:25.6]} 0-1

[Event "Club 608 Online 1 - Open A (-2200)"]
[Date "2021.04.10"]
[Round "5.4"]
[White "Samy, Laouamri"]
[Black "Raux, Samuel"]
[Result "1-0"]
[BlackElo "1761"]
[WhiteCountry "FRA"]
[WhiteElo "1715"]
[WhiteFideId "36044253"]

1. e4 {[%clk 0:50:10.0]} c5 {[%clk 0:49:55.5]} 2. Nc3 {[%clk 0:50:16.7]} g6 {[%clk 0:50:02.4]} 3. Nf3 {[%clk 0:49:57.3]} Bg7 {[%clk 0:50:07.6]} 4. d4 {[%clk 0:49:54.1]} cxd4 {[%clk 0:50:14.8]} 5. Nxd4 {[%clk 0:50:02.0]} Nc6 {[%clk 0:50:23.1]} 6. Nxc6 {[%clk 0:48:01.8]} bxc6 {[%clk 0:50:29.1]} 7. Be3 {[%clk 0:47:47.4]} d6 {[%clk 0:47:52.3]} 8. Bc4 {[%clk 0:46:18.2]} Nf6 {[%clk 0:47:15.6]} 9. e5 {[%clk 0:46:10.8]} Ng4 {[%clk 0:45:05.5]} 10. e6 {[%clk 0:40:05.7]} f5 {[%clk 0:45:04.8]} 11. Bd4 {[%clk 0:39:39.4]} Nf6 {[%clk 0:38:23.5]} 12. Qf3 {[%clk 0:37:47.6]} d5 {[%clk 0:36:38.2]} 13. 0-0-0 {[%clk 0:37:08.3]} Bxe6 {[%clk 0:31:41.7]} 14. Rhe1 {[%clk 0:36:17.1]} Bd7 {[%clk 0:29:46.5]} 15. Bxf6 {[%clk 0:27:01.3]} Bxf6 {[%clk 0:29:31.0]} 16. Nxd5 {[%clk 0:26:31.6]} cxd5 {[%clk 0:25:32.3]} 17. Qxd5 {[%clk 0:26:37.6]} e6 {[%clk 0:13:16.0]} 18. Bb5 {[%clk 0:25:50.5]} Bxb5 {[%clk 0:07:36.3]} 19. Qxb5+ {[%clk 0:25:11.2]} Kf7 {[%clk 0:07:17.3]} 20. Rd7+ {[%clk 0:20:16.3]} Be7 {[%clk 0:07:15.6]} 21. Rxd8 {[%clk 0:19:35.1]} Rhxd8 {[%clk 0:07:21.8]} 22. Qc6 {[%clk 0:19:32.1]} Bd6 {[%clk 0:07:03.8]} 23. Qb7+ {[%clk 0:14:16.4]} Be7 {[%clk 0:07:02.9]} 24. f4 {[%clk 0:11:02.1]} Rab8 {[%clk 0:06:35.7]} 25. Qxa7 {[%clk 0:09:51.4]} Ra8 {[%clk 0:06:43.2]} 26. Qb6 {[%clk 0:09:48.1]} Rd6 {[%clk 0:06:43.6]} 27. Qb3 {[%clk 0:09:51.0]} Rad8 {[%clk 0:05:58.8]} 28. c3 {[%clk 0:09:15.7]} Bh4 {[%clk 0:05:22.7]} 29. g3 {[%clk 0:09:16.8]} Bf6 {[%clk 0:05:27.9]} 30. a4 {[%clk 0:08:46.8]} Rd2 {[%clk 0:05:35.4]} 31. Qxe6+ {[%clk 0:08:50.3]} Kg7 {[%clk 0:05:37.5]} 32. a5 {[%clk 0:06:55.8]} Rxh2 {[%clk 0:05:42.7]} 33. a6 {[%clk 0:07:02.5]} Rdd2 {[%clk 0:05:50.4]} 34. Qb3 {[%clk 0:07:10.6]} Rd7 {[%clk 0:03:28.5]} 35. Rd1 {[%clk 0:06:27.6]} Re7 {[%clk 0:02:41.6]} 36. Qb7 {[%clk 0:06:19.9]} Re2 {[%clk 0:01:53.9]} 37. Rd7 {[%clk 0:06:15.5]} Kh6 {[%clk 0:00:19.4]} 38. Rxe7 {[%clk 0:06:22.2]} Rxe7 {[%clk 0:00:26.8]} 39. Qxe7 {[%clk 0:06:28.2]} Bxe7 {[%clk 0:00:34.1]} 40. a7 {[%clk 0:06:37.1]} {Black Resigned} 1-0